<?xml version="1.0" encoding="UTF-8"?>
<record
    xmlns:xsi="http://www.w3.org/2001/XMLSchema-instance"
    xsi:schemaLocation="http://www.loc.gov/MARC21/slim http://www.loc.gov/standards/marcxml/schema/MARC21slim.xsd"
    xmlns="http://www.loc.gov/MARC21/slim">

  <leader>00923nam a2200205   4500</leader>
  <datafield tag="999" ind1=" " ind2=" ">
    <subfield code="c">70826</subfield>
    <subfield code="d">70826</subfield>
  </datafield>
  <controlfield tag="001">9946</controlfield>
  <controlfield tag="003">OSt</controlfield>
  <controlfield tag="005">20220920075639.0</controlfield>
  <controlfield tag="007">tu</controlfield>
  <controlfield tag="008">      ||||||||||||                 ger</controlfield>
  <datafield tag="040" ind1=" " ind2=" ">
    <subfield code="a">DE-2950</subfield>
    <subfield code="c">DE-2950</subfield>
  </datafield>
  <datafield tag="245" ind1="0" ind2="0">
    <subfield code="a">Zentralblatt f&#xFC;r Bibliothekswesen</subfield>
    <subfield code="c">unter st&#xE4;ndiger Mitw. zahlr. Fachgen. d. In- u. Auslandes von Otto Hartwig u. K. Schulz (3-11: Otto Hartwig, 21-38: Paul Schwenke, 39 ff.: Aloys B&#xF6;mer, Georg Leyh, Walther Schultze, 51 ff.: Georg Leyh, Walter Schultze, 53 ff.: Rudolf Buttmann, Georg Leyh)</subfield>
  </datafield>
  <datafield tag="264" ind1=" " ind2=" ">
    <subfield code="a">Leipzig</subfield>
    <subfield code="b">Harrassowitz</subfield>
  </datafield>
  <datafield tag="365" ind1=" " ind2=" ">
    <subfield code="c">DEM</subfield>
  </datafield>
  <datafield tag="500" ind1=" " ind2=" ">
    <subfield code="a">Generalreg. z. Jg. 21 - 40, (1904 -23). Begonnen v. Georg Leyh. Fortgef. von Paul Gehring. Leipzig 1925.</subfield>
  </datafield>
  <datafield tag="500" ind1=" " ind2=" ">
    <subfield code="a">Vermutlich Abgabe an Stadtbibliothek, nicht im Magazin</subfield>
  </datafield>
  <datafield tag="546" ind1=" " ind2=" ">
    <subfield code="a">deutsch</subfield>
  </datafield>
  <datafield tag="942" ind1=" " ind2=" ">
    <subfield code="2">z</subfield>
    <subfield code="c">ZS</subfield>
  </datafield>
  <datafield tag="952" ind1=" " ind2=" ">
    <subfield code="0">1</subfield>
    <subfield code="1">0</subfield>
    <subfield code="2">z</subfield>
    <subfield code="4">0</subfield>
    <subfield code="7">0</subfield>
    <subfield code="a">StAFF</subfield>
    <subfield code="b">StAFF</subfield>
    <subfield code="d">2020-11-25</subfield>
    <subfield code="f">M</subfield>
    <subfield code="l">0</subfield>
    <subfield code="o">II: 0725-0726</subfield>
    <subfield code="r">2020-11-25 00:00:00</subfield>
    <subfield code="w">2020-11-25</subfield>
    <subfield code="y">ZS</subfield>
  </datafield>
</record>
